00385nam a2200133 a 450000100100000000500170001000800410002702000180006804000250008624500390011126000440015030000360019450000210023000004256620201002040235.0140128s2009 sp ac r 001 0 spa d a8437009299623 aDO-SdBNPbspacBNPHU00aAnagrama :b40 años 1969 - 2009. aBarcelona, España :bAnagrama,c2009. a354 p. :bil., retrs. ;c21 cm. aIncluye índice